[Event "Hallo von Brunei"]
[Site "http://www.queenalice.com/game.php?id=89456"]
[Date "2006.7.25"]
[Round "-"]
[White "PGeon"]
[Black "sfonsecabr"]
[Result "1-0"]
[WhiteElo "1339"]
[BlackElo "1308"]

1. d4 e6 2. g3 Nf6 3. Bg2 Bd6 4. e3 b6 5. Nc3 Nc6 6. Nf3 Ba6 7. a4 O-O 8. Rb1 b5
9. axb5 Nb4 10. bxa6 Nxa6 11. O-O Rb8 12. Ra1 Nb4 13. Rxa7 c5 14. e4 Qb6 15. Ra3
cxd4 16. Nxd4 Nc6 17. Ra4 e5 18. Nxc6 Qxc6 19. Bg5 Ng4 20. Qxg4 Rxb2 21. Bf6 g6
22. Rfa1 1-0

[Event "AUTO-OPEN-338"]
[Site "http://www.queenalice.com/game.php?id=89509"]
[Date "2006.7.25"]
[Round "1"]
[White "juliux"]
[Black "sfonsecabr"]
[Result "1-0"]
[WhiteElo "1703"]
[BlackElo "1219"]

1. e4 e5 2. Nf3 d6 3. Bc4 Nf6 4. Nc3 c5 5. d3 g6 6. Bg5 Nbd7 7. Nd5 Bg7 8. Bxf6
Bxf6 9. O-O Nb6 10. Bb3 Nxd5 11. Bxd5 O-O 12. h3 Qb6 13. b3 a5 14. a4 Qb4 15.
Nd2 Be6 16. Bxb7 Qxb7 17. f4 exf4 18. Rxf4 Bxa1 19. Qxa1 d5 20. exd5 Qxd5 21.
Ne4 Qd4+ 22. Qxd4 cxd4 23. Nc5 g5 24. Rxd4 Rac8 25. Nxe6 Rfe8 26. Nxg5 Rxc2 27.
Rg4 Re1+ 28. Kh2 Rb1 29. Ne4+ Kf8 30. Nd6 Rxb3 31. Rh4 Rxd3 32. Nf5 Kg8 33. Nh6+
Kg7 34. Nf5+ Kg6 35. Ne7+ Kg5 36. Rxh7 Rdd2 37. Ng8 Rxg2+ 38. Kh1 Kg6 39. Rh4
Kg5 40. Rh7 1-0

[Event "AUTO-OPEN-338"]
[Site "http://www.queenalice.com/game.php?id=89510"]
[Date "2006.7.25"]
[Round "1"]
[White "sfonsecabr"]
[Black "juliux"]
[Result "0-1"]
[WhiteElo "1308"]
[BlackElo "1787"]

1. e4 e5 2. Bc4 c6 3. Qh5 Qf6 4. Nf3 d6 5. Ng5 g6 6. Bxf7+ Qxf7 7. Nxf7 gxh5 8.
Nxh8 Bg7 9. g4 hxg4 10. d3 Bxh8 11. h3 gxh3 12. Nc3 Be6 13. Bg5 Bf6 14. Bxf6
Nxf6 15. O-O-O Nbd7 16. d4 O-O-O 17. dxe5 Nxe5 18. f4 Neg4 19. Rd2 h2 20. e5
dxe5 21. Rxd8+ Kxd8 22. fxe5 Nxe5 23. Rxh2 Neg4 24. Rd2+ Kc7 25. b4 h5 26. Re2
Bd7 27. b5 cxb5 28. Nxb5+ Bxb5 29. Re7+ Kb6 30. Kd2 a5 31. Kc3 Nd5+ 0-1

[Event "AUTO-OPEN-338"]
[Site "http://www.queenalice.com/game.php?id=89551"]
[Date "2006.7.25"]
[Round "1"]
[White "Pato"]
[Black "sfonsecabr"]
[Result "1-0"]
[WhiteElo "2021"]
[BlackElo "1045"]

1. a4 e5 2. a5 a6 3. c3 Nc6 4. b4 Nf6 5. e3 d6 6. d4 exd4 7. exd4 d5 8. Bd3 Bd6
9. Nf3 O-O 10. O-O Be7 11. Re1 Qd6 12. Nbd2 Bg4 13. h3 Bxf3 14. Nxf3 Nh5 15. Ng5
Bxg5 16. Qxh5 Bh6 17. g4 f6 18. Bxh6 gxh6 19. Qxh6 f5 20. Qxd6 cxd6 21. Bxf5 Ne7
22. Rxe7 Rac8 23. Bxc8 Rxc8 24. Rae1 Rxc3 25. Rxb7 Rf3 26. Re8+ Rf8 27. Rxf8+
Kxf8 28. Kg2 1-0

[Event "Jarro x Nariz"]
[Site "http://www.queenalice.com/game.php?id=90012"]
[Date "2006.7.27"]
[Round "-"]
[White "hardcore"]
[Black "sfonsecabr"]
[Result "1-0"]
[WhiteElo "1730"]
[BlackElo "1251"]

1. e4 e5 2. Nf3 Nc6 3. Bb5 d6 4. d4 a6 5. Bxc6+ bxc6 6. Ng5 Qf6 7. c3 Nh6 8. h3
d5 9. O-O c5 10. Nf3 Bd6 11. Bg5 Qg6 12. Qc1 f6 13. dxe5 fxg5 14. exd6 cxd6 15.
exd5 O-O 16. Qxg5 Bb7 17. Nbd2 Rf5 18. Qxg6 hxg6 19. c4 a5 20. Nh4 Rf4 21. Nxg6
Rd4 22. Rfd1 Ba6 23. b3 Re8 24. Nf3 Rxd1+ 25. Rxd1 Kh7 26. Nfh4 Re2 27. Ra1 Bc8
28. Nf4 Rc2 29. a3 g5 30. b4 gxf4 31. bxc5 dxc5 32. Rd1 Rxc4 33. d6 Rd4 34. Rc1
c4 35. Nf3 Rxd6 36. Rxc4 Rd1+ 37. Kh2 Bb7 38. Ng5+ Kg6 39. Ne6 f3 40. gxf3 1-0

[Event "Sandro vai te ferar"]
[Site "http://www.queenalice.com/game.php?id=91727"]
[Date "2006.8.1"]
[Round "-"]
[White "sfonsecabr"]
[Black "zevir"]
[Result "0-1"]
[WhiteElo "1236"]
[BlackElo "1652"]

1. e4 e6 2. e5 d6 3. exd6 Bxd6 4. d4 Nc6 5. c3 Nf6 6. Bd3 O-O 7. Qc2 e5 8. Bg5
g6 9. Nf3 Qe8 10. Bxf6 exd4+ 11. Be2 Bf5 12. Qd2 d3 13. g4 Bf4 14. Qd1 dxe2 15.
Qb3 Bxg4 16. c4 Qe6 17. Qc3 Bd6 18. Bh8 Bb4 19. Ng5 Qd7 20. Nd2 Bxc3 21. Bxc3
Nd4 22. Bxd4 Qxd4 23. f3 Rad8 24. Nge4 Bxf3 25. Nxf3 Qxe4 26. Ng5 Qxh1+ 27. Kxe2
Qxa1 0-1